Tokyo: architecture and design

محفوظ في:
التفاصيل البيبلوغرافية
التنسيق: كتاب
اللغة:الألمانية
الإنجليزية
الإسبانية
الفرنسية
الإيطالية
منشور في: Londres Daab 2005
الموضوعات:
الوسوم: إضافة وسم
لا توجد وسوم, كن أول من يضع وسما على هذه التسجيلة!

MARC

LEADER 00000nam a2200000 a 4500
001 UCG4617
003 CL-VaPUC
008 101111e20050000UK |||||||||||||||||ger|d
020 |a 393771846X 
041 0 7 |a ger  |2 CL-VaPUC 
041 0 7 |a eng  |2 CL-VaPUC 
041 0 7 |a spa  |2 CL-VaPUC 
041 0 7 |a fre  |2 CL-VaPUC 
041 0 7 |a ita  |2 CL-VaPUC 
082 0 4 |a 720.952135  |b TOK  |2 21 
245 1 0 |a Tokyo: architecture and design 
300 |a 237 p 
942 |c BK 
945 |d 20101111 00:00:00  |a mfarfan 
260 |a Londres  |b Daab  |c 2005 
650 0 |a Arquitectura  |9 804558 
650 0 |a Diseño  |9 260483 
651 7 |a TOKYO  |2 CL-VaPUC  |9 344104 
583 |a last modification  |c 20101111 00:00:00  |k Rodrigo Vera 
999 |c 343304  |d 343302 
952 |0 0  |1 0  |4 0  |6 720_952135000000000_TOK_2005  |7 0  |8 A  |9 440526  |a BIBARQ  |b BIBARQ  |d 2019-11-22  |i 473372K  |l 3  |o 720.952135 TOK 2005  |p 473372K  |r 2025-01-20  |s 2023-07-11  |w 2019-11-22  |y BK  |k ARQ